00266pab a2200109 454500008004000000245005300040260000900093300000900102362001400111650001700125773001400142180718b1988 xxu||||| |||| 00| 0 eng d aSpecial issue on First National Water convention c1988 a1-36 aJan.-Mar. aWater Supply aBhagirath